02849nam a22004092u 450000100060000000300080000600500170001400800410003103500190007204000360009104100080012708200220013510000200015724500630017726000570024030000310029750000850032852015260041365000210193965000290196065000230198965000310201265000280204365000280207165000300209965000280212965000340215765000290219165000230222065000220224365000290226565000200229465000250231465300170233965500330235671000500238935680BD-RjUL20211209052349.0140529s1987 xxu ||| bt ||| | eng d a(BD-RjUL)35775 aericdbengcericddBD-RjULdMvI aeng a305.23 bGRS 19871 aGrant, James P.14aThe State of the World's Children, 1987 /cJames P. Grant. aWashington, D.C. :bOxford university press,cc1987. a148 p. :billus. ;c30 cm. aERIC Note: For other reports, see ED 253 302, ED 258 687, and ED 265 926.5ericd aThis report maintains that it is just as unacceptable to allow millions of children to die each year from needless infection and malnutrition as it is to let them die in sudden emergencies of drought and famine. The world now has the means to attack childhood malnutrition and disease on a massive scale and at an affordable cost. Four million children's lives have been saved in the last five years by nations which have mobilized to put low-cost solutions into effect. Discussed are (1) potential benefits to social development of today's new capacity for mass communication; (2) scientific information which would enable parents to protect the lives and growth of their children; (3) the current success and future potential of oral rehydration therapy; (4) the spread of low cost immunization in the 1980s throughout the developing world; (5) the benefits of social mobilization to achieve specific health goals; and (6) the use of growth checking as a means of information dissemination to parents. The report concludes that the strategy of social mobilization may allow almost every individual and organization in the world to become involved in the fight against poverty. Insert panels describe the experiences of various nations in bringing about drastic improvements in child survival and development. A statistical section provides figures for 130 major nations for child survival rates, nutrition, health, education, population, and economic progress, as well as selected data for less populous countries. (BN)17aChildren.2ericd07aCommunity Action.2ericd07aDemography.2ericd17aDeveloping Nations.2ericd07aDisease Control.2ericd07aEconomic Status.2ericd07aForeign Countries.2ericd07aHealth Programs.2ericd17aImmunization Programs.2ericd17aInfant Mortality.2ericd07aMass Media.2ericd17aNutrition.2ericd07aParent Education.2ericd07aPoverty.2ericd07aTables (Data)2ericd1 aChild Health 7aReports, Descriptive.2ericd2 aUnited Nations Children's Fund, New York, NY.